Import export / (Record no. 20079)

MARC details
000 -CABECERA
campo de control de longitud fija 01199nam a2200253 4500
003 - IDENTIFICADOR DEL NÚMERO DE CONTROL
campo de control OSt
005 - FECHA Y HORA DE LA ÚLTIMA TRANSACCIÓN
campo de control 20260601171001.0
008 - DATOS DE LONGITUD FIJA--INFORMACIÓN GENERAL
campo de control de longitud fija 260420b2005\\\\|||a||||\||||\00|\0\eng\d
020 ## - NÚMERO INTERNACIONAL ESTÁNDAR DEL LIBRO
Número Internacional Estándar del Libro 0863555217
040 ## - FUENTE DE LA CATALOGACIÓN
Centro catalogador/agencia de origen ICI
Lengua de catalogación spa
Centro/agencia transcriptor ICI
050 ## - SIGNATURA TOPOGRÁFICA DE LA BIBLIOTECA DEL CONGRESO
Número de clasificación NK1443
Número de documento/Ítem I56 2005
100 #1 - ENTRADA PRINCIPAL--NOMBRE DE PERSONA
Nombre de persona British Council
245 #0 - MENCIÓN DE TÍTULO
Título Import export /
Mención de responsabilidad, etc. curator, Lesley Jackson
264 ## - PRODUCCIÓN, PUBLICACIÓN, DISTRIBUCIÓN, FABRICACIÓN Y COPYRIGHT
Nombre del de productor, editor, distribuidor, fabricante British Council,
Fecha de producción, publicación, distribución, fabricación o copyright 2005
Producción, publicación, distribución, fabricación y copyright London :
300 ## - DESCRIPCIÓN FÍSICA
Extensión 105 páginas :
Otras características físicas ilustraciones (principalmente a color)
336 ## - TIPO DE CONTENIDO
Término de tipo de contenido texto
Fuente rdacontent
337 ## - TIPO DE MEDIO
Nombre/término del tipo de medio sin medio
Fuente rdamedia
338 ## - TIPO DE SOPORTE
Nombre/término del tipo de soporte volumen
Fuente rdacarrier
500 ## - NOTA GENERAL
Nota general Catálogo de una exposición itinerante internacional producida por el Departamento de Arte, Arquitectura y Diseño del British Council
500 ## - NOTA GENERAL
Nota general Diseñadores destacados: Sandro Sodano, Alan Aboud, Shin Azumi, Tomoko Azumi, Laurent Benner, Gitta Gschwendtner, Sebastian Bergne, Lara Bohinc, Anne Kyyrö Quinn, Tord Boontje, Lubna Chowdhary, Kei Ito, Suzanne Clements, Inacio Ribeiro, Roberto Feo, Rosario Hurtado, Mark Eley, Wakako Kishimoto, Sam Hecht, Kim Colin
650 #4 - PUNTO DE ACCESO ADICIONAL DE MATERIA--TÉRMINO DE MATERIA
Término de materia o nombre geográfico como elemento de entrada Diseño
Subdivisión de forma Exposiciones
Subdivisión general Historia
Subdivisión cronológica Siglo XXI
Subdivisión geográfica Gran Bretaña
9 (RLIN) 7015
700 #1 - PUNTO DE ACCESO ADICIONAL--NOMBRE DE PERSONA
Nombre de persona Jackson, Lesley,
Término indicativo de función/relación curador
9 (RLIN) 7016
942 ## - ELEMENTOS DE PUNTO DE ACCESO ADICIONAL (KOHA)
Fuente del sistema de clasificación o colocación Library of Congress Classification
Tipo de ítem Koha Libros

No items available.